MDQL
is popping MORE tags! Check the
thread
!
Quizzes
Events
Quiz Creation
Community
Videos
Private Events
Remove Ads
Sign In
Join for FREE
Feedback
Dark Mode
Quiz Categories
Sports
Geography
Music
Movies
Television
Just For Fun
Miscellaneous
History
Literature
Language
Science
Gaming
Entertainment
Religion
Holiday
For Kids
Quiz Lab
Recent
Popular Today
Quiz Kudos Today
Editor Picks
Curator Picks
Quizzes by...
Day
Popularity
Type
Ratings
Length
Year
Community
Subscriptions
Recent Discussions
Orange Saloon
Badges
Playlists
Quests
Create
Leaderboards
Showdown
Live 5
Trivia Bingo
Activity
Puzzle Library
Sporcle Events
Private Events
Virtual Trivia
Globe League
Become a Host
Pub Owners
SporcleCon
Opinionation
Our Games
Videos
Blog
Mobile Apps
Partnerships
Remove Ads and Go Orange
Feedback
Television
TV Characters
TV Show
Sitcom
Network
Friends
Reality Shows
Cast
South Park
Star Trek
The Simpsons
Doctor Who
Television
TV Characters
TV Show
Sitcom
Network
Friends
Reality Shows
Cast
South Park
Star Trek
The Simpsons
Doctor Who
Random Quiz
Search Sporcle
×
Quiz Lab
Quiz Lab
Television
Reality Shows
Type in answers that appear in a list
Type in answers that appear in a list
Classic
Best Score? Go Orange.
The Apprentice (UK) Candidates Stats
Can you name the The Apprentice (UK) Candidates?
By
iamausername
10m
123 Questions
1,419 Plays
1,419 Plays
1,419 Plays
Comments
Comments
Give Quiz Kudos
Give Quiz Kudos
-
- Ratings
hide this ad
Replay
Link that replays current quiz
Next Quiz
Link to next quiz in quiz playlist
You Got
0%
They Got
Avg Score
54%
Avg Friend Score
Upgrade to see
Score Distribution
Jump to the score distribution portion of the page
Score
0/123
Timer
10:00
0
Plays Today
% Correct
Tom Pellerau
85%
Jo Cameron
84.1%
Tom Gearing
83.4%
Katie Hopkins
80.7%
Katie Wright
80.7%
James Max
79.8%
James McQuillan
79.7%
Timothy Campbell
79.4%
Paul Torrisi
77.4%
Paul Tulip
77.4%
Paul Callaghan
77.4%
Ruth Badger
76.2%
Ricky Martin
74.5%
Kate Walsh
73.9%
Simon Ambrose
73.8%
Simon Smith
73.8%
Alex Wotherspoon
73.6%
Alex Epstein
73.6%
Alex Britez Cabal
73.6%
Lee McQueen
73.3%
Stella English
72.9%
Michael Sophocles
72.6%
Michelle Dewberry
72.6%
Michael Copp
72.5%
Helen Louise Milligan
71.7%
Christopher Farrel
70.8%
Stuart Baggs
70.8%
Chris Bates
70.7%
Saira Khan
70.3%
Ben Clarke
69.1%
Ben Leary
69%
Ben Stanberry
69%
Adam Corbally
67.5%
Yasmina Siadatan
66.9%
Jim Eastwood
66.4%
Adam Hosker
66.1%
Sara Dhada
64.8%
Claire Young
63.8%
Susan Ma
63.3%
Nick Holzherr
63.1%
Jennifer Celerier
63%
% Correct
Jennifer Maguire
63%
Tre Azam
62.1%
Laura Hogg
60.8%
Laura Moore
60.3%
Dan Harris
59.4%
Lucinda Ledgerwood
57.6%
Edward Hunter
57.6%
Matthew Palmer
57.5%
Kristina Grimes
57.3%
Philip Taylor
57.2%
Raef Bjayou
57.1%
Stephen Brady
56.2%
Syed Ahmed
56.1%
Rachel Groves
54.7%
Liz Locke
54.2%
Andy Jackson
54.1%
Karen Bremner
52.9%
Nicholas de Lacy-Brown
52.7%
Jade Nash
51.6%
Joanna Riley
51.6%
Ian Stringer
51.6%
Helene Speight
51.3%
Jamie Lester
51.3%
Miriam Staley
51.1%
Adele Lock
51%
Ansell Henry
50.6%
Jane McEvoy
50.4%
Debra Barr
50%
Kevin Shaw
49.6%
Zoe Beresford
49.6%
Sophie Kain
49%
Samuel Judah
48.9%
Lorraine Tighe
48.8%
Rory Laing
48.6%
Vincent Disneur
48.3%
Naomi Lay
48.1%
Lindsay Bogaard
47.7%
Howard Ebison
47.6%
Natasha Scribbins
47.5%
Raj Dhonota
47.3%
Melody Hossaini
47.2%
% Correct
Alexa Tilley
47.2%
Sharon McAllister
46.8%
Sebastian Schrimpff
46.6%
Tuan Le
46.4%
Adenike Ogundoyin
46.3%
Bilyana Apostolova
46%
Ifti Chaudhri
45.9%
Melissa Cohen
45.8%
Maria O'Connor
45.8%
Lohit Kalburgi
45.7%
Leon Doyle
45.3%
Paula Jones
45.3%
Raleigh Addington
45%
Glenn Ward
44.9%
Natalie Wood
44.5%
Rocky Andrews
44.4%
Paloma Vivanco
44.3%
Miranda Rose
44.2%
Nargis Ara
44.1%
Gabrielle Omar
43.8%
Ellie Reed
43.3%
Gerri Blackwood
43%
Duane Bryan
43%
Edna Agbarha
42.6%
Anita Shah
42.5%
Jenna Whittingham
42.2%
Mani Sandher
41.9%
Joy Stefanicki
41.7%
Jadine Johnson
41.3%
Ghazal Asif
41.1%
Gavin Winstanley
41%
Noorul Choudhury
40.7%
Felicity Jackson
39.4%
Lindi Mngaza
39.2%
Mona Lewis
38.4%
Shibby Robati
38.2%
Sandeesh Samra
38.1%
Shazia Wahab
37.5%
Majid Nagra
36.5%
Azhar Siddique
36.1%
Kimberley Davis
35.8%
Quiz Playlist
Details
Report
Send in Message
Add To Playlist
Classic:
Type in answers that appear in a list
Last Updated: Feb 16, 2017
Quiz Scoreboard
CHALLENGE
Sign Up to Join the Scoreboard
Show All
Scores
Hide
Comments
May contain spoilers
Recently Published
Street Fighter Characters
by Artimus82
Gaming
60s
9x9 Crossword: Cartoon Network
by jackfrog10
Miscellaneous
3m
College Basketball Coaching Resumes
by pancakes188
Sports
9m
More to Explore
Quiz From the Vault
Featured Blog Post
Where Did the Easter Bunny Come From?
hide this ad
You Might Also Like...
Tags
Reality Shows Quiz
bbc
business
The Apprentice
Today's Top Quizzes in Television
Browse Television
hide this ad
Today's Top Quizzes in Reality Shows
Browse Reality Shows
Top Contributed Quizzes in Television
1
5-to-1: The Simpsons Families
2
5-to-1: Television Doctors
3
Adjectives in 80s TV Shows
4
Adjectives in 00s TV Shows
5
7-to-1: TV Show Settings
6
Adjectives in 10s TV Shows
7
Survivor Journey Challenge
8
5-to-1: Streaming Originals
9
Survivor Seasons
10
One Piece Logic Puzzle
Explore More
Trending Topics
Anime
Disney
Marvel
NBA
Crossword
Kpop
Harry Potter
Soccer
NFL
The Office
Pokémon
WWE
Puzzle
Song
Country
hide this ad
More By:
iamausername
Quiz
Plays
Rating
Category
Featured
Created
English Counties' Largest Towns
15,536
4.46
Geography
Dec 18, 2009
Biggest Littlest Footballing Nations (Sep 2012)
4,987
4.59
Sports
Mar 13, 2012
Pokemon Per Type Pairing
3,296
4.48
Gaming
Apr 7, 2010
FIFA World Cup Qualifiers
2,134
4.10
Sports
Sep 23, 2009
Duplicate City Names
2,003
4.72
Geography
Nov 21, 2010
Go to Creator's Profile
Score Distribution
Quiz Creator Spotlight
iamausername
Follow
Send a Message
Quizzes Created
-
Created Quiz Play Count
-
More By This Creator
Popular Quizzes Today
1
Find the US States - No Outlines Minefield
2
Find the Countries of Europe - No Outlines Minefield
3
The Countries of the World
4
Find the US States
5
Risky Map Clicking: Biggest States A-Z
6
US States
7
Popular People in 1961
8
Movies - When Are They Set?
More Television Quizzes
Most Lines in The 100 (Season 5)
Quiz Lab
Trending Quizzes
Risky Map Clicking: Least Populous States A-Z
Countries of the World: 200 Million BC
1-10 Letter G Words
Risky Map Clicking: Next State Alphabetically
Adjectives in 80s TV Shows
Recently Updated
Leaping Animals
pecheneg
Reality TV Shows (A-Z)
bhenderson79
Rickey Henderson's Hall of Fame Teammates
pecheneg
Champions League XIs: Arsenal
pecheneg
Quick Pick: Celebrities in WWE's Hall of Fame
aduchscher
A-Z Keypad Blitz II
pecheneg
Multiple Oscar Actors
pecheneg
Mystery Phrase Blitz: Oscar 'Best Actors'
pecheneg
F. Scott Fitzgerald Novels
LTH
Pick 3 Villains
ddd62291
Trending Topics
Marvel
Kpop
Anime
Harry Potter
NBA
Crossword
Disney
The Office
WWE
Country
Soccer
Song
Puzzle
NFL
Pokémon
Your Account Isn't Verified!
In order to create a playlist on Sporcle, you need to verify the email address you used during registration. Go to your
Sporcle Settings
to finish the process.
Report this User
Report this user for behavior that violates our
Community Guidelines
.
Details:
Send Report
Go to the Sporcle.com Mobile Site →
Comments